Quizzes
Events
Quiz Creation
Community
Videos
Private Events
Remove Ads
Sign In
Join for FREE
Feedback
Dark Mode
Quiz Categories
Sports
Geography
Music
Movies
Television
Just For Fun
Miscellaneous
History
Literature
Language
Science
Gaming
Entertainment
Religion
Holiday
For Kids
Quiz Lab
Recent
Popular Today
Quiz Kudos Today
Editor Picks
Curator Picks
Quizzes by...
Day
Popularity
Type
Ratings
Length
Year
Community
Subscriptions
Recent Discussions
Orange Saloon
Badges
Playlists
Quests
Create
Leaderboards
Showdown
Live 5
Trivia Bingo
Activity
Puzzle Library
Sporcle Events
Private Events
Virtual Trivia
Globe League
Become a Host
Pub Owners
SporcleCon
Opinionation
Our Games
Videos
Blog
Mobile Apps
Partnerships
Remove Ads and Go Orange
Feedback
Sports
Athletes
MLB
NBA
NHL
NFL
Soccer
Sports Teams
WWE
NCAA
Football
Premier League
Basketball
Baseball
Hockey
Golf
Tennis
Cricket
Rugby
Auto Racing
Olympics
World Cup
Sports
Athletes
MLB
NBA
NHL
NFL
Soccer
Sports Teams
WWE
NCAA
Football
Premier League
Basketball
Baseball
Hockey
Golf
Tennis
Cricket
Rugby
Auto Racing
Olympics
World Cup
Random Quiz
Search Sporcle
×
Quiz Lab
Quiz Lab
Sports
2000
Type in answers that appear in a list
Type in answers that appear in a list
Classic
Best Score? Go Orange.
Milw Brewers games per position 2000-09 Stats
Can you name the Milw. Brewers games per position 2000s?
By
froggman89
10m
260 Questions
30 Plays
30 Plays
30 Plays
Comments
Comments
Give Quiz Kudos
Give Quiz Kudos
-
- Ratings
hide this ad
More Info
Replay
Link that replays current quiz
Next Quiz
Link to next quiz in quiz playlist
You Got
0%
They Got
Avg Score
38%
Avg Friend Score
Upgrade to see
Score Distribution
Jump to the score distribution portion of the page
Score
0/260
Timer
10:00
0
Plays Today
Player
% Correct
Prince Fielder
100%
Prince Fielder
100%
Geoff Jenkins
96.7%
Geoff Jenkins
96.7%
Geoff Jenkins
96.7%
Richie Sexson
90%
Rickie Weeks
90%
Ryan Braun
90%
Ryan Braun
90%
Ryan Braun
90%
Richie Sexson
90%
Rickie Weeks
90%
Ryan Braun
90%
JJ Hardy
86.7%
Corey Hart
83.3%
Bill Hall
83.3%
Bill Hall
83.3%
Bill Hall
83.3%
Corey Hart
83.3%
Bill Hall
83.3%
Bill Hall
83.3%
Corey Hart
83.3%
Corey Hart
83.3%
Bill Hall
83.3%
Damian Miller
80%
Damian Miller
80%
Jason Kendall
76.7%
Jose Hernandez
76.7%
Jose Hernandez
76.7%
Jose Hernandez
76.7%
Jose Hernandez
76.7%
Lyle Overbay
73.3%
Carlos Lee
73.3%
Mike Cameron
73.3%
Carlos Lee
73.3%
Felipe Lopez
70%
Luis Lopez
70%
Luis Lopez
70%
Luis Lopez
70%
Alex Sanchez
70%
Alex Sanchez
70%
Jeromy Burnitz
70%
Alex Sanchez
70%
Jeromy Burnitz
70%
Craig Counsell
66.7%
Craig Counsell
66.7%
David Bell
66.7%
Craig Counsell
66.7%
Scott Podsednik
66.7%
Scott Podsednik
66.7%
Scott Podsednik
66.7%
Jeff Cirillo
63.3%
Jeff Cirillo
63.3%
Jeff Cirillo
63.3%
Jeff Cirillo
63.3%
Chad Moeller
60%
Ronnie Belliard
60%
Ronnie Belliard
60%
Mark Loretta
56.7%
Eric Young
56.7%
Mark Loretta
56.7%
Mark Loretta
56.7%
Mark Loretta
56.7%
Alcides Escobar
56.7%
Eric Young
56.7%
Eric Young
56.7%
Mark Loretta
56.7%
Eric Young
56.7%
Johnny Estrada
53.3%
Eddie Perez
53.3%
Wes Helms
53.3%
Casey McGehee
53.3%
Casey McGehee
53.3%
Wes Helms
53.3%
Casey McGehee
53.3%
Santiago Perez
53.3%
Robert Perez
53.3%
Casey McGehee
53.3%
Wes Helms
53.3%
Casey McGehee
53.3%
Henry Blanco
50%
Raul Casanova
50%
Corey Koskie
50%
Mark Smith
50%
Jeffrey Hammonds
50%
Marquis Grissom
50%
Jeffrey Hammonds
50%
Player
% Correct
Jeffrey Hammonds
50%
Mark Smith
50%
Chris Jones
50%
Raul Casanova
50%
Tyler Houston
46.7%
Mark Johnson
46.7%
Tyler Houston
46.7%
Tyler Houston
46.7%
Brady Clark
46.7%
John Vander Wal
46.7%
Brady Clark
46.7%
Brady Clark
46.7%
John Vander Wal
46.7%
Junior Spivey
43.3%
Junior Spivey
43.3%
Ray Durham
40%
Enrique Cruz
40%
Enrique Cruz
40%
Royce Clayton
40%
Enrique Cruz
40%
Devon White
40%
Tony Gwynn
40%
Nelson Cruz
40%
Devon White
40%
Tony Gwynn
40%
Tony Gwynn
40%
Nelson Cruz
40%
Devon White
40%
Tony Gwynn
40%
Kevin Brown
36.7%
Jesse Levis
36.7%
Mat Gamel
36.7%
Kevin Mench
36.7%
Drew Anderson
36.7%
Ben Grieve
36.7%
Kevin Mench
36.7%
Drew Anderson
36.7%
Mat Gamel
36.7%
Ben Grieve
36.7%
Mike Rivera
33.3%
Carlos Corporan
33.3%
Russell Branyan
33.3%
Mike Rivera
33.3%
Keith Ginter
33.3%
Russell Branyan
33.3%
Keith Ginter
33.3%
Keith Ginter
33.3%
James Mouton
33.3%
Lyle Mouton
33.3%
Gabe Kapler
33.3%
Laynce Nix
33.3%
Russell Branyan
33.3%
Keith Ginter
33.3%
James Mouton
33.3%
Gabe Kapler
33.3%
Laynce Nix
33.3%
Lyle Mouton
33.3%
James Mouton
33.3%
Gabe Kapler
33.3%
Lyle Mouton
33.3%
Keith Ginter
33.3%
Keith Ginter
33.3%
James Mouton
33.3%
Russell Branyan
33.3%
Alex Ochoa
30%
Alex Ochoa
30%
Alex Ochoa
30%
Paul Bako
26.7%
Gary Bennett
26.7%
Matt Stairs
26.7%
Brooks Kieschnick
26.7%
Matt Stairs
26.7%
Brooks Kieschnick
26.7%
Keith Osik
23.3%
Charlie Hayes
23.3%
Lenny Harris
23.3%
Tony Graffanino
23.3%
Brad Nelson
23.3%
Tony Graffanino
23.3%
Charlie Hayes
23.3%
Tony Graffanino
23.3%
Lenny Harris
23.3%
Tony Graffanino
23.3%
Ryan Thompson
23.3%
Lenny Harris
23.3%
Tony Graffanino
23.3%
Brad Nelson
23.3%
Player
% Correct
Ryan Thompson
23.3%
Ryan Thompson
23.3%
Brad Nelson
23.3%
Lenny Harris
23.3%
Charlie Hayes
23.3%
Vinny Rottino
20%
Vinny Rottino
20%
Tony Fernandez
20%
Vinny Rottino
20%
Gabe Gross
20%
Vinny Rottino
20%
Gabe Gross
20%
Dave Krynzel
20%
Gabe Gross
20%
Dave Krynzel
20%
Gabe Gross
20%
Robert Machado
13.3%
Marcus Jensen
13.3%
Joe Dillon
13.3%
Robert Machado
13.3%
Joe Dillon
13.3%
Trent Durrington
13.3%
Frank Catalanotto
13.3%
Trent Durrington
13.3%
Joe Dillon
13.3%
Joe Dillon
13.3%
Frank Catalanotto
13.3%
Frank Catalanotto
13.3%
Joe Dillon
13.3%
Trent Durrington
13.3%
Jorge Fabregas
10%
Kevin Barker
10%
Lou Collier
10%
Sean Berry
10%
Lou Collier
10%
Chris Magruder
10%
Jody Gerut
10%
Jason Conti
10%
Jody Gerut
10%
Lou Collier
10%
Chris Magruder
10%
Jason Conti
10%
Chris Magruder
10%
Jody Gerut
10%
Jason Conti
10%
Lou Collier
10%
Angel Echevarria
6.7%
Mark Sweeney
6.7%
Israel Alcantara
6.7%
Elvis Pena
6.7%
Mike Lamb
6.7%
Mark Sweeney
6.7%
Angel Echevarria
6.7%
Israel Alcantara
6.7%
Angel Echevarria
6.7%
Israel Alcantara
6.7%
Mark Sweeney
6.7%
Jeff Liefer
6.7%
Mark Sweeney
6.7%
Jeff Liefer
6.7%
Angel Echevarria
6.7%
Hernan Iribarren
3.3%
Chris Barnwell
3.3%
Mike Coolbaugh
3.3%
Chris Barnwell
3.3%
Hernan Iribarren
3.3%
Chris Barnwell
3.3%
Mike Coolbaugh
3.3%
Chris Duffy
3.3%
Peter Zoccolillo
3.3%
Hernan Iribarren
3.3%
Chris Duffy
3.3%
Corey Patterson
3.3%
Hernan Iribarren
3.3%
Peter Zoccolillo
3.3%
Chris Duffy
3.3%
Matt Erickson
0%
Matt Erickson
0%
Ryan Christenson
0%
Mel Stocker
0%
Jason Bourgeois
0%
Jim Rushford
0%
Ryan Christenson
0%
Jim Rushford
0%
Jason Bourgeois
0%
Mel Stocker
0%
Quiz Playlist
Details
Report
Send in Message
Add To Playlist
More Info:
Name the Milwaukee Brewers that played at each position from 2000-2009.
Classic:
Type in answers that appear in a list
Last Updated: Feb 16, 2017
Quiz Scoreboard
CHALLENGE
Sign Up to Join the Scoreboard
Show All
Scores
Hide
Comments
May contain spoilers
Recently Published
9x9 Crossword: Cartoon Network
by jackfrog10
Miscellaneous
3m
College Basketball Coaching Resumes
by pancakes188
Sports
9m
Billboard Blitz: Fleetwood Mac
by CooCooCachoo
Music
15s
More to Explore
Quiz From the Vault
Featured Blog Post
Where Did the Easter Bunny Come From?
hide this ad
You Might Also Like...
Tags
2000
Brewer
Player
Today's Top Quizzes in Sports
Browse Sports
hide this ad
Today's Top Quizzes in 2000
Browse 2000
Top Contributed Quizzes in Sports
1
2022 World Cup Stars
2
Les meilleurs buteurs des matchs entre le PSG et l’OM
3
FIFA Club World Cup Champions
4
Les entraîneurs de l'OM et du PSG au 21e siècle
5
Criteria MLB: Left Handed Sluggers
6
2023 MLB Unique Player Accomplishments
7
AFC Teams Reveal (Wrong Answers Minefield)
8
Players with Multiple 50 Home Run Seasons
9
5-to-1: FBS Animal Nicknames
10
5-to-1: UK Sports Teams
Explore More
Trending Topics
Crossword
Anime
Marvel
NBA
Disney
Harry Potter
Kpop
The Office
Song
Puzzle
WWE
Pokémon
Country
NFL
Soccer
hide this ad
More By:
froggman89
Quiz
Plays
Rating
Category
Featured
Created
Milwaukee Brewers of the 1990's
200
5.00
Sports
Nov 20, 2010
NFL Active Playoff Leaders - 2012
190
4.25
Sports
Jan 5, 2013
Milwaukee Brewers - Catchers (all time)
164
5.00
Sports
Feb 10, 2013
Active Home Run Leaders per Birthplace - US states
41
Sports
Jan 1, 2013
Milw Brewers games per position 2000-09
30
4.00
Sports
Jan 2, 2013
Go to Creator's Profile
Score Distribution
Quiz Creator Spotlight
froggman89
Follow
Send a Message
Quizzes Created
-
Created Quiz Play Count
-
More By This Creator
Popular Quizzes Today
1
Find the US States - No Outlines Minefield
2
Find the Countries of Europe - No Outlines Minefield
3
The Countries of the World
4
Find the US States
5
Risky Map Clicking: Biggest States A-Z
6
US States
7
Popular People in 1961
8
Movies - When Are They Set?
More Sports Quizzes
I never raced with Lotus
Quiz Lab
Trending Quizzes
Risky Map Clicking: Least Populous States A-Z
1-10 Letter G Words
Risky Map Clicking: Next State Alphabetically
Adjectives in 80s TV Shows
The Seven Year Switch: Catherine
Recently Updated
Leaping Animals
pecheneg
Reality TV Shows (A-Z)
bhenderson79
Rickey Henderson's Hall of Fame Teammates
pecheneg
Champions League XIs: Arsenal
pecheneg
Quick Pick: Celebrities in WWE's Hall of Fame
aduchscher
A-Z Keypad Blitz II
pecheneg
Multiple Oscar Actors
pecheneg
Mystery Phrase Blitz: Oscar 'Best Actors'
pecheneg
F. Scott Fitzgerald Novels
LTH
Pick 3 Villains
ddd62291
Trending Topics
Harry Potter
Disney
Kpop
Crossword
Anime
NBA
Marvel
The Office
Song
Soccer
Puzzle
Pokémon
Country
NFL
WWE
Your Account Isn't Verified!
In order to create a playlist on Sporcle, you need to verify the email address you used during registration. Go to your
Sporcle Settings
to finish the process.
Report this User
Report this user for behavior that violates our
Community Guidelines
.
Details:
Send Report
Go to the Sporcle.com Mobile Site →
Comments